000 02764 a2200397 4500
999 _c10709
_d10709
020 _a9781416069119 (set : hardcover : alk. paper)
020 _a1416069119 (set : hardcover : alk. paper)
020 _a9780808924395 (international ed., hardcover : alk. paper)
020 _a0808924397 (international ed., hardcover : alk. paper)
020 _a9996059189 (v. 1)
020 _a9996059308 (v. 2)
020 _a9996059367 (v. 3)
020 _a9996059189 (v. 4)
050 0 0 _aRC871
_b.CAM 2016
100 _a Campbell, Meredith F.
_d1894-1968
_eauthor
245 0 0 _aCampbell-Walsh urology /
_beditor-in-chief, Alan J. Wein ; [editors, Louis R. Kavoussi ... et al.].
250 _a11th ed.
264 _aPhiladelphia:
_bElsevier Mosby,
_c 2016
300 _a4 v. (xxxvii, 3753, 95 p.) :
_bill. (chiefly col.) ;
336 _2rdacontent
_atext
_btxt
337 _2rdamedia
_aunmediated
_bn
338 _2rdacarrier
_avolume
_bnc
504 _aIncludes bibliographical references and index.
505 _a V. 1 pt. I: Clinical decision making pt. II: Basics of urologic surgery pt. III: Infections and inflammation pt. IV: Molecular and cellular biology pt. V: Reproducitve and sexual function pt. VI: Male genitalia V. 2 pt. VII: Renal physiology and pathophysiology pt. VIII: Upper urinary tract obstruction and trauma pt. IX: Urinary lithiasis and endourology pt. X: Neoplasms of the upper urinary tract pt. XI: The adrenals V. 3 pt. XII: Urine transport, storage, and emptying pt. XIII: Benign and malignant bladder disorders pt. XIV: The prostate V. 4 pt. XV: Pediatric urology Sect. A: Development and prenatal urology Sect. B: Basic principles Sect. C: Upper urinary tract conditions Sect. D: Lower urinary tract conditions Sect. E: Genitalia Sect. F: Reconstruction and trauma Sect. G: Oncology
520 _aInternationally lauded as the preeminent text in the field, Campbell-Walsh Urology continues to offer the most comprehensive coverage of every aspect of urology. Perfect for urologists, residents, and practicing physicians alike, this updated 4-volume set highlights all of the essential concepts necessary for every stage of your career, from anatomy and physiology through the latest diagnostic approaches and medical and surgical treatments
650 0 _aUrology.
650 1 2 _aFemale Urogenital Diseases.
650 1 2 _aMale Urogenital Diseases.
650 2 2 _aUrology
_xmethods.
700 1 _aWein, Alan J.
_eeditor
700 1 _aKavoussi, Louis R.
_eeditor
700 1 _aPartin, Alan W
_eeditor
700 1 _aPeters, Craig. A
_eeditor
942 _2lcc
_cBK
_h871
_iCAM
_kRC